00765nam a2200205 a 4500003000200000005001700002008004100019050003300060100002700093245008100120260009300201300004100294504004100335650003100376650002200407650003000429650002600459650002200485650005200507020250301085457.0100902s19uu xx 00 eng d aPGS SB 112.C64 b.An635 2010 aAntonio, Sean Marco S. aThe effect of coffee on the growth of tomato plant /cSean Marco S. Antonio. aLas Piñas City, Philippines : bSouthville International School and Colleges, c2010. a20 pages :billustrations ; c28 cm. aIncludes bibliographical references. aCoffeevEffect on plants.  aTomatoesvGrowth. aPlant growth regulators.  aFertilizersvOrganic. aSoil amendments.  aCommercial fertilizersvEffect on plant growth.